00516nam a2200181Ia 450000500170000000800410001704000190005804100120007708200150008924500880010425000260019226000340021830000160025250400190026865000140028770000230030185000100032420240311101842.0131103s9999 xx 000 0 und d aLoreto College aEnglish a371.4bBHA aGuidance and Counselling Vol II, b cEdited by Asha Bhatnagar and Nirmala Gupta a A Practical Approach aDelhibVikas Publishingc1999 axvi,294 p.  aIncludes index aEducation aBhatnagar,Asha,ed. aLCLIB